[Event "Faxe EMT"]
[Site "Faxe"]
[Date "2010.04.21"]
[Round "5"]
[White "Hansen, Arne Mandrup"]
[Black "Nielsen, Harald"]
[Result "1-0"]
[WhiteElo "1425"]
[BlackElo "1460"]
[PlyCount "83"]
[EventDate "2010.03.17"]
[EventType "swiss"]
[EventRounds "7"]
[EventCountry "DEN"]
[SourceTitle "EXT 2023"]
[Source "ChessBase"]
[SourceDate "2022.10.05"]
[SourceVersion "1"]
[SourceVersionDate "2022.10.05"]
[SourceQuality "1"]

1. d4 Nf6 2. Bf4 c6 3. e3 g6 4. Nd2 Bg7 5. c4 d5 6. Nb3 Nbd7 7. c5 0-0 8. Bd3 b6 9. cxb6 axb6 10. Nf3 Re8 11. Be2 Nh5 12. Bg3 e5 13. Qc1 Bb7 14. a4 e4 15. Nfd2 f5 16. Bxh5 gxh5 17. h3 Re6 18. Bf4 Bh6 19. Bxh6 Rxh6 20. g3 Rg6 21. Nf1 Qf6 22. Qd2 Kh8 23. a5 bxa5 24. Rxa5 Rgg8 25. Nh2 Ba6 26. Qc3 Rgb8 27. Ra3 Bc4 28. Rxa8 Rxa8 29. Kd2 Qd8 30. Nc5 Qe8 31. Re1 Kg8 32. f4 Rb8 33. Rg1 Nxc5 34. dxc5 Qe7 35. g4 Qg7 36. Qxg7+ Kxg7 37. gxf5+ Kf6 38. Kc1 Rb5 39. Rg5 Rb7 40. Rxh5 Rg7 41. Ng4+ Kf7 42. Rh6 1-0

[Event "Faxe EMT"]
[Site "Faxe"]
[Date "2010.03.31"]
[Round "3"]
[White "Nielsen, Harald"]
[Black "Toftvang, Ove"]
[Result "1/2-1/2"]
[WhiteElo "1460"]
[BlackElo "1268"]
[PlyCount "66"]
[EventDate "2010.03.17"]
[EventType "swiss"]
[EventRounds "7"]
[EventCountry "DEN"]
[SourceTitle "EXT 2023"]
[Source "ChessBase"]
[SourceDate "2022.10.05"]
[SourceVersion "1"]
[SourceVersionDate "2022.10.05"]
[SourceQuality "1"]

1. e4 g6 2. a3 Nc6 3. c3 e5 4. Bc4 Bg7 5. d3 Nf6 6. Nf3 0-0 7. Be3 d6 8. Nbd2 a6 9. h3 h6 10. a4 a5 11. Qe2 Ne7 12. Nh4 c6 13. Rd1 d5 14. exd5 cxd5 15. Bb3 Re8 16. Ndf3 Nf5 17. Nxf5 Bxf5 18. g4 Bd7 19. 0-0 e4 20. dxe4 dxe4 21. Nd4 Nh7 22. Qc4 Qe7 23. Bf4 Kh8 24. Qxf7 Qxf7 25. Bxf7 Re7 26. Bb3 Be5 27. Bxe5+ Rxe5 28. Rfe1 Kg7 29. Nf3 Re7 30. Nd2 Rae8 31. Bc2 Bc6 32. b3 Ng5 33. Re3 Rf8 1/2-1/2

[Event "Faxe EMT"]
[Site "Faxe"]
[Date "2010.03.24"]
[Round "2"]
[White "Lillebro, Verner"]
[Black "Nielsen, Harald"]
[Result "1/2-1/2"]
[WhiteElo "1224"]
[BlackElo "1460"]
[PlyCount "85"]
[EventDate "2010.03.17"]
[EventType "swiss"]
[EventRounds "7"]
[EventCountry "DEN"]
[SourceTitle "EXT 2023"]
[Source "ChessBase"]
[SourceDate "2022.10.05"]
[SourceVersion "1"]
[SourceVersionDate "2022.10.05"]
[SourceQuality "1"]

1. e4 e5 2. Nf3 Nc6 3. Bc4 Bc5 4. d3 d6 5. Ng5 Nh6 6. Qf3 0-0 7. c3 Bg4 8. Qg3 Qf6 9. f3 Be6 10. Nxe6 fxe6 11. Qh3 Rae8 12. Bxh6 Qxh6 13. Qxh6 gxh6 14. Nd2 Na5 15. 0-0-0 Nxc4 16. Nxc4 b5 17. Na5 Bb6 18. Nc6 Rf7 19. h4 Rg7 20. g4 Rf8 21. Rdf1 a6 22. h5 Rgf7 23. Rh3 Rf4 24. Rg3 Kh8 25. Kc2 a5 26. d4 exd4 27. Nxd4 Bxd4 28. cxd4 Rxe4 29. Kd3 Ref4 30. Ke3 R4f7 31. Rc1 Rb8 32. f4 Rb6 33. Ke4 c6 34. Rgc3 Rc7 35. Re1 Kg7 36. Kd3 Kf7 37. Rf1 Kf6 38. Re1 c5 39. Rec1 c4+ 40. Kd2 Rg7 41. Rg3 d5 42. Rf1 b4 43. f5 1/2-1/2

[Event "Faxe EMT"]
[Site "Faxe"]
[Date "2010.03.17"]
[Round "1"]
[White "Nielsen, Harald"]
[Black "Hansen, Jens Hjorth"]
[Result "0-1"]
[WhiteElo "1460"]
[BlackElo "1975"]
[PlyCount "66"]
[EventDate "2010.03.17"]
[EventType "swiss"]
[EventRounds "7"]
[EventCountry "DEN"]
[SourceTitle "EXT 2023"]
[Source "ChessBase"]
[SourceDate "2022.10.05"]
[SourceVersion "1"]
[SourceVersionDate "2022.10.05"]
[SourceQuality "1"]

1. e4 c5 2. b3 d6 3. Bb2 Nf6 4. Nc3 e6 5. Bb5+ Bd7 6. Bxd7+ Nbxd7 7. Nf3 Be7 8. d4 cxd4 9. Nxd4 a6 10. 0-0 0-0 11. Nce2 Nxe4 12. Ng3 Ndf6 13. Nxe4 Nxe4 14. Qe2 Nf6 15. Kh1 Rc8 16. c4 d5 17. Rad1 Re8 18. Rfe1 Bb4 19. Rf1 Bd6 20. cxd5 Nxd5 21. Nf3 Qa5 22. Be5 Bxe5 23. Nxe5 Rc7 24. Nc4 Qc5 25. Qf3 b5 26. Ne5 Qc3 27. Nd3 Qf6 28. Qg3 Rec8 29. Rc1 Rxc1 30. Rxc1 Rxc1+ 31. Nxc1 h6 32. Qb8+ Kh7 33. Qc8 Qxf2 0-1

[Event "Faxe EMT"]
[Site "Faxe"]
[Date "2008.05.21"]
[Round "7"]
[White "Nielsen, Harald"]
[Black "Nielsen, Poul Erik2"]
[Result "1-0"]
[WhiteElo "1444"]
[BlackElo "1255"]
[PlyCount "79"]
[EventDate "2008.03.26"]
[EventType "swiss"]
[EventRounds "7"]
[EventCountry "DEN"]
[SourceTitle "EXT 2023"]
[Source "ChessBase"]
[SourceDate "2022.10.05"]
[SourceVersion "1"]
[SourceVersionDate "2022.10.05"]
[SourceQuality "1"]

1. e4 c5 2. a4 b6 3. Bc4 e6 4. Nf3 Bb7 5. d3 Be7 6. 0-0 Nc6 7. c3 Qc7 8. Re1 0-0-0 9. Qe2 Ne5 10. Nxe5 Qxe5 11. f4 Qc7 12. Na3 a6 13. d4 d5 14. Bxa6 dxe4 15. Bxb7+ Qxb7 16. Qxe4 Qxe4 17. Rxe4 cxd4 18. Rxd4 Bc5 19. Be3 Bxd4 20. Bxd4 Rxd4 21. cxd4 Nf6 22. Rc1+ Kb7 23. Nb5 Nd5 24. g3 Rb8 25. Kf2 f5 26. Rc4 h5 27. Nc3 Rc8 28. Rxc8 Kxc8 29. Nxd5 exd5 30. Ke3 Kc7 31. b4 Kd6 32. Kf3 g6 33. h3 Ke6 34. Ke3 Kd6 35. Kd3 Kc7 36. b5 Kd6 37. Kc3 Kc7 38. h4 Kb7 39. Kb4 Kc7 40. a5 1-0

[Event "Faxe EMT"]
[Site "Faxe"]
[Date "2008.04.16"]
[Round "3"]
[White "Nielsen, Harald"]
[Black "Olsen, Michael1"]
[Result "1-0"]
[WhiteElo "1444"]
[BlackElo "1251"]
[PlyCount "51"]
[EventDate "2008.03.26"]
[EventType "swiss"]
[EventRounds "7"]
[EventCountry "DEN"]
[SourceTitle "EXT 2023"]
[Source "ChessBase"]
[SourceDate "2022.10.05"]
[SourceVersion "1"]
[SourceVersionDate "2022.10.05"]
[SourceQuality "1"]

1. e4 e5 2. Nf3 Nc6 3. Bb5 d6 4. h3 Bd7 5. c3 Nf6 6. d3 h6 7. 0-0 Be7 8. Ba4 0-0 9. Be3 Nh7 10. Bb3 Kh8 11. Nh2 Bg5 12. f4 exf4 13. Bxf4 Be6 14. Nd2 Bxf4 15. Rxf4 Qg5 16. Rf3 Ne5 17. Bxe6 fxe6 18. Rf1 Nxd3 19. Ng4 h5 20. Nf3 Qc5+ 21. Nf2 Nxb2 22. Qe2 Nc4 23. Kh1 Ng5 24. Nxg5 Ne3 25. Qxh5+ Kg8 26. Qh7# 1-0

[Event "Faxe EMT"]
[Site "Faxe"]
[Date "2008.03.26"]
[Round "1"]
[White "Nielsen, Harald"]
[Black "Nielsen, Johannes"]
[Result "1-0"]
[WhiteElo "1444"]
[BlackElo "1005"]
[PlyCount "125"]
[EventDate "2008.03.26"]
[EventType "swiss"]
[EventRounds "7"]
[EventCountry "DEN"]
[SourceTitle "EXT 2023"]
[Source "ChessBase"]
[SourceDate "2022.10.05"]
[SourceVersion "1"]
[SourceVersionDate "2022.10.05"]
[SourceQuality "1"]

1. e4 e5 2. Nf3 Nc6 3. Bb5 a6 4. Ba4 Nf6 5. d3 Bc5 6. Bxc6 dxc6 7. h3 Qe7 8. Be3 Bxe3 9. fxe3 0-0 10. 0-0 h6 11. c3 Rd8 12. Na3 b5 13. Qe2 Bb7 14. Nh4 Bc8 15. Nf5 Bxf5 16. exf5 Rd6 17. Nc2 c5 18. e4 Nh7 19. a3 Rad8 20. Rad1 f6 21. Ne3 c6 22. Rd2 a5 23. Rfd1 a4 24. h4 Qc7 25. c4 Qb8 26. cxb5 cxb5 27. Rc2 Rc8 28. Rdc1 Rd7 29. Rxc5 Rxc5 30. Rxc5 Nf8 31. Kh2 Qd6 32. Rd5 Qc6 33. Rxd7 Nxd7 34. Nd5 Qd6 35. Qc2 Kh7 36. h5 Qb8 37. Qc6 Qe8 38. g4 Qd8 39. Qxb5 Qc8 40. Nc3 Qc5 41. Qxc5 Nxc5 42. Kg2 Nxd3 43. Nxa4 Kg8 44. b4 Ne1+ 45. Kf1 Nc2 46. b5 Nxa3 47. b6 Nc4 48. b7 Nd2+ 49. Ke2 Nxe4 50. b8Q+ Kh7 51. Nb6 Ng3+ 52. Kd3 Nf1 53. Ke2 Ng3+ 54. Kf3 Nxh5 55. Qd6 Nf4 56. Nd7 Ne2 57. Nf8+ Kg8 58. Qd8 Nd4+ 59. Kg2 Nc6 60. Qd5+ Kxf8 61. Qxc6 Kg8 62. g5 fxg5 63. f6 1-0